| 000 | 00818nam a22001577a 4500 | ||
|---|---|---|---|
| 003 | OSt | ||
| 005 | 20150916103534.0 | ||
| 008 | 150916b xxu||||| |||| 00| 0 eng d | ||
| 040 | _cRUA | ||
| 082 | _aAGR KUN 2003 B028 Or.1 | ||
| 100 |
_9573 _aKUN, KIMSAN. |
||
| 245 | _aImpact of ecological agriculture extension program on the application of chemical and natural fertilizers in tram kok district takeo province ឥទ្ធិពលនៃការផ្សព្វផ្សាយកសិកម្មតាមគោលការណ៍ធម្មជាតិលើការប្រើប្រាស់ជីគីមីនិងធម្មជាតិនៅស្រុកត្រាំកក់ ខេត្ដតាកែវ | ||
| 260 |
_aPhnom Penh _bRUA _c2003 |
||
| 300 |
_a37p. _bill. _c29cm. |
||
| 942 |
_2ddc _cAGR |
||
| 999 |
_c552 _d552 |
||